Partekon život po kapitalismu : [participativní ekonomika]

Gespeichert in:
Bibliographische Detailangaben
1. Verfasser: Albert, Michael
Format: Buch
Sprache:Tschechisch
Veröffentlicht: Praha MEZERA 2012
Schlagworte:
Tags: Tag hinzufügen
Keine Tags, Fügen Sie das erste Tag hinzu!

MARC

LEADER 00000nam a2200000 4500
001 0158555
005 20240313090222.5
020 |a 978-80-87148-31-0 
041 0 |a cze 
044 |a CZ 
245 1 0 |a Partekon  |b život po kapitalismu : [participativní ekonomika]  |c Michael Albert 
264 1 |a Praha  |b MEZERA  |c 2012 
300 |a 357 s. 
610 2 0 |a kapitalizmus 
610 2 0 |a teórie ekonomické 
610 2 0 |a vlastníctvo 
610 2 0 |a práca 
610 2 0 |a spotreba 
610 2 0 |a produktivita 
100 1 |a Albert, Michael